Normal view
MARC view
Entry Personal Name
001 - CONTROL NUMBER
- control field: 15890
003 - CONTROL NUMBER IDENTIFIER
- control field: OSt
005 - DATE AND TIME OF LATEST TRANSACTION
- control field: 20220307110846.0
008 - FIXED-LENGTH DATA ELEMENTS
- fixed length control field: 220307|| aca||aabn | a|a d
040 ## - CATALOGING SOURCE
- Original cataloging agency: OSt
- Transcribing agency: OSt
100 ## - HEADING--PERSONAL NAME
- Personal name: Mutongi, Kenda
670 ## - SOURCE DATA FOUND
- Source citation: Work cat.: (OSt): Mutongi, Kenda, Worries of the heart, , C 2007
